| 000 | 00645nam a2200181Ia 4500 | ||
|---|---|---|---|
| 008 | 100920s9999 xx 000 0 und d | ||
| 082 |
_b10843 _a28 व 51 थ 56 |
||
| 100 | _aअभिराग. | ||
| 245 | _aगोपाल कृष्ण गोखले. | ||
| 260 |
_bचित्रशाळा प्रकाशन.पुणे2. _c1956 |
||
| 300 |
_a83 _bसाधी |
||
| 365 | _b0.75 | ||
| 520 | _aबा. वि चरित्र. | ||
| 630 | _aगोपाल कृष्ण गोखले. | ||
| 650 | _aबा. वि चरित्र. | ||
| 730 | _aगोपाल कृष्ण गोखले. | ||
| 942 | _cBOOK | ||
| 999 |
_c677025 _d677022 |
||